LEADER 00931nam1 2200349 450 001 990000927950203316 035 $a0092795 035 $aUSA010092795 035 $a(ALEPH)000092795USA01 035 $a0092795 100 $a20020130d1991----km-y0itay0103----ba 101 $aita 102 $aIT 105 $a||||||||001yy 200 1 $aOpere$fMario Soldati 210 $aMilano$cRizzoli$d1991 215 $av.$d22 cm 225 2 $aClassici contemporanei Rizzoli 410 $12001$aClassici contemporanei Rizzoli 461 1$1001-------$12001 676 $a853.914 700 1$aSOLDATI,$bMario$0136100 801 0$aIT$bsalbc$gISBD 912 $a990000927950203316 951 $aV A COLL 221/1$bLM$cV A COLL 959 $aBK 969 $aUMA 979 $aPATTY$b90$c20020130$lUSA01$h1536 979 $c20020403$lUSA01$h1736 979 $aPATRY$b90$c20040406$lUSA01$h1704 996 $aOpere$9216388 997 $aUNISA LEADER 01205nam0 22002891i 450 001 VAN0059150 005 20110301112800.7 010 $a88-7779-344-9 100 $a20070509d1992 |0itac50 ba 101 $aita 102 $aIT 105 $a|||| ||||| 200 1 $aˆIl ‰Guercino (Giovanni Francesco Barbieri, 1591-1666)$edisegni$eBologna, Museo civico archeologico, 6 settembre-10 novembre 1991$fa cura di Denis Mahon 210 $aBologna$cNuova alfa$dc1992 215 $a319 p.$cill.$d29 cm. 620 $dBologna$3VANL000003 700 0$aGuercino$3VANV016280$071551 702 1$aMahon$bDenis$3VANV030578 712 $aNuova Alfa$3VANV108466$4650 790 1$aBarbieri, Giovan Francesco$zGuercino$3VANV016281 790 1$aBarbieri, Giovanni Francesco$zGuercino$3VANV016282 801 $aIT$bSOL$c20240405$gRICA 899 $aBIBLIOTECA DEL DIPARTIMENTO DI LETTERE E BENI CULTURALI$1IT-CE0103$2VAN07 912 $aVAN0059150 950 $aBIBLIOTECA DEL DIPARTIMENTO DI LETTERE E BENI CULTURALI$d07CONS Pa Guercino 1344 $e07 4637 20070509 996 $aGuercino (Giovanni Francesco Barbieri, 1591-1666)$91425429 997 $aUNICAMPANIA